| 000 | 00799nam a22002412 4500 | ||
|---|---|---|---|
| 001 | 0000021066 | ||
| 005 | 20151021152605.0 | ||
| 008 | 120110s xx 000 0 eng d | ||
| 020 | _a0199545438 : | ||
| 040 |
_aKABU _cKABU |
||
| 100 | 1 |
_aWilliams, Steve. _@0000151182 |
|
| 245 | 1 | 0 |
_aContemporary employment relations : _ba critical introduction / _cSteve Williams and Derek Adam-Smith. |
| 250 | _a2nd ed. | ||
| 260 |
_aOxford : _bO. U. P., _c2010. |
||
| 300 | _axxx, 426 p. | ||
| 650 | 0 |
_aIndustrial relations. _@0000148089 |
|
| 650 | 0 |
_aLabor unions. _@0000165519 |
|
| 650 | 0 |
_aLabor contracts _zGreat Britain. _@0000181465 |
|
| 700 | 1 |
_aAdam-Smith, Derek. _@0000151183 |
|
| 852 | 1 | _9p4550 KES | |
| 908 | _a120110 | ||
| 950 | _@1 | ||
| 999 |
_c1646 _d1646 |
||